State regulation of health services utilization : lessons from Michigan /

Bibliographic Details
Main Author: Stuart, Bruce C.
Format: Book
Language:English
Published: Washington, D.C. : Urban Institute, 1979.
Series:Urban Institute paper on health.
Subjects:

MARC

Tag First Indicator Second Indicator Subfields
LEADER 00000cam a2200000 a 4500
001 in00000092441
005 20151008064215.0
008 801112s1979 dcu b 00010 engm
010 |a  80137225  
020 |a 0877662568 (pbk.) :  |c $5.50 
035 |a (OCoLC)05266829 
035 |9 AAK3740AM 
040 |a DLC  |c DLC  |d m.c.  |d TXA  |d UtOrBLW 
043 |a n-us-mi 
049 |a TXAM  |c [1502331] 
050 0 0 |a RA395.A4  |b M57 
082 0 |a 362.1/09774  |2 19 
100 1 |a Stuart, Bruce C. 
245 1 0 |a State regulation of health services utilization :  |b lessons from Michigan /  |c Bruce Stuart. 
264 1 |a Washington, D.C. :  |b Urban Institute,  |c 1979. 
300 |a ix, 94 pages ;  |c 28 cm. 
336 |a text  |b txt  |2 rdacontent 
337 |a unmediated  |b n  |2 rdamedia 
338 |a volume  |b nc  |2 rdacarrier 
490 1 |a An Urban Institute paper on health 
504 |a Includes bibliographical references. 
650 0 |a Medical policy  |z Michigan. 
650 0 |a Medical care  |z Michigan  |x Utilization. 
830 0 |a Urban Institute paper on health. 
999 |a MARS 
999 f f |s d284842c-72fa-3928-99e0-367ab2870da1  |i 31465034-3f2f-3744-b8a6-5122f0cc2d9a  |t 0 
952 f f |p ric  |a Texas A&M University  |b Rellis Campus  |c Joint Library Facility  |d Remote Storage  |t 0  |e RA395.A4 M57  |h Library of Congress classification  |i unmediated -- volume  |m A14806227348 
998 f f |a RA395.A4 M57  |t 0  |l Remote Storage